Analytical solid geometry (Record no. 543896)
[ view plain ]
| 000 -LEADER | |
|---|---|
| fixed length control field | 00355nam a22001337a 4500 |
| 082 ## - DEWEY DECIMAL CLASSIFICATION NUMBER | |
| Classification number | 516.33 |
| Author Mark | NAR |
| -- | L-2, P-24 |
| 100 ## - MAIN ENTRY--PERSONAL NAME | |
| Personal name | Shanti narayan |
| 9 (RLIN) | 10406 |
| 245 ## - TITLE STATEMENT | |
| Title | Analytical solid geometry |
| Statement of responsibility, etc. | Shanti narayan |
| 300 ## - PHYSICAL DESCRIPTION | |
| Extent | x, 270 p,: |
| 526 ## - STUDY PROGRAM INFORMATION NOTE | |
| Program name | 0 |
| Interest level | 0 |
| Reading level | 0 |
| Title point value | 516_330000000000000_NAR |
| 650 ## - SUBJECT ADDED ENTRY--TOPICAL TERM | |
| Topical term or geographic name entry element | MCE |
| 9 (RLIN) | 379 |
| 700 ## - ADDED ENTRY--PERSONAL NAME | |
| Personal name | Shanti narayan |
| 9 (RLIN) | 10406 |
| 942 ## - ADDED ENTRY ELEMENTS (KOHA) | |
| Source of classification or shelving scheme | |
| Koha item type | Book |
| Withdrawn status | Lost status | Source of classification or shelving scheme | Damaged status | Not for loan | Permanent Location | Current Location | Date acquired | Total Checkouts | Full call number | Barcode | Date last seen | Price effective from | Koha item type |
|---|---|---|---|---|---|---|---|---|---|---|---|---|---|
| Military College of Engineering (MCE) | Military College of Engineering (MCE) | 04/07/2014 | 516.33 NAR | MCE-3340 | 04/07/2014 | 04/07/2014 | Book |
